|
|
|
|
| LEADER |
01510nam a22003617i 4500 |
| 001 |
29512 |
| 003 |
BD-DhAAL |
| 005 |
20150802102557.0 |
| 008 |
150802s2013 enk b 001 0 eng |
| 010 |
|
|
|a 2012276122
|
| 020 |
|
|
|a 0199683867 (hbk)
|
| 020 |
|
|
|a 9780199683864 (hbk)
|
| 024 |
8 |
|
|a 60001841030
|
| 035 |
|
|
|a (OCoLC)ocn862143706
|
| 040 |
|
|
|a AU@
|b eng
|c AU@
|e rda
|d NYP
|d TKN
|d DLC
|d BD-DhAAL
|
| 042 |
|
|
|a lccopycat
|
| 050 |
0 |
0 |
|a AZ103
|b .S625 2013
|
| 082 |
0 |
4 |
|a 001.30711
|2 23
|
| 100 |
1 |
|
|a Small, Helen,
|e author.
|9 13412
|
| 245 |
1 |
4 |
|a The value of the humanities /
|c Helen Small.
|
| 250 |
|
|
|a First edition.
|
| 260 |
|
|
|a Oxford :
|b Oxford University Press,
|c 2013
|
| 300 |
|
|
|a viii, 204 pages ;
|c 23 cm.
|
| 490 |
1 |
|
|a The Literary agenda series
|
| 500 |
|
|
|a Series statement from jacket.
|
| 504 |
|
|
|a Includes bibliographical references (pages [184]-196) and index.
|
| 505 |
0 |
|
|a Machine generated contents note: 1. Distinction from Other Disciplines -- 2. Use and Usefulness -- 3. Socrates Dissatisfied: The Argument for a Contribution to Happiness -- 4. 'Democracy Needs Us' : The Gadfly Argument for the Humanities -- 5. For its Own Sake.
|
| 541 |
|
|
|e 29512
|
| 650 |
|
0 |
|a Humanities
|x Study and teaching (Higher)
|9 13413
|
| 830 |
|
0 |
|a Literary agenda.
|9 13414
|
| 942 |
|
|
|2 ddc
|c BK
|
| 999 |
|
|
|c 35121
|d 35121
|
| 952 |
|
|
|0 0
|1 0
|2 ddc
|4 0
|6 001_307110000000000_SMA
|7 0
|9 55065
|a BRACUL
|b BRACUL
|c GEN
|d 2015-08-02
|e Karim International
|g 2500.00
|l 0
|o 001.30711 SMA
|p 3010029512
|r 2015-08-02
|t 1
|w 2015-08-02
|y BK
|